|
|
|
|
| LEADER |
00000nam a2200000 a 4500 |
| 001 |
vtls011604641 |
| 003 |
SK-MaSNL |
| 005 |
20260301140211.0 |
| 008 |
240318s2016 xo dabof nm 000 0 slo |
| 015 |
|
|
|a SNBA2017/02
|
| 020 |
|
|
|a 9788022746335
|q (brožované)
|
| 035 |
|
|
|a urn:nbn:sk:snk-am00cwt7
|
| 035 |
|
|
|a urn:nbn:sk:snk-am3hmwm
|
| 035 |
|
|
|a C06ACFAD-9F29-4B23-975F-F368907E212B
|
| 040 |
|
|
|a SNK
|b slo
|c SNK
|e AACR2
|
| 041 |
0 |
|
|a slo
|b eng
|
| 044 |
|
|
|a xo
|c SK
|
| 072 |
|
7 |
|a 629
|x Dopravné prostriedky
|2 konspekt
|
| 072 |
|
7 |
|a 004
|x Počítačová veda. Výpočtová technika. Informačné technológie
|2 konspekt
|
| 080 |
|
|
|a 629.423.2
|2 2011
|
| 080 |
|
|
|a 004.032.26
|2 2011
|
| 080 |
|
|
|a 004.8.032.26
|2 2011
|
| 080 |
|
|
|a 004.324
|2 2011
|
| 080 |
|
|
|a (048.3)
|2 2011
|
| 080 |
|
|
|a (043.3)
|2 2011
|
| 100 |
1 |
|
|a Radoš, Rastislav,
|d 1989-
|4 aut
|9 492580
|
| 245 |
1 |
0 |
|a Optimalizácia spotreby energie elektrického vozila
|b autoreferát dizertačnej práce na získanie akademického titulu philosophiae doctor v doktorandskom študijnom odbore 5.2.3. Dopravné stroje a zariadenia
|c Rastislav Radoš ; [školiteľ: Ľuboš Magdolen]
|
| 250 |
|
|
|a 1. vyd.
|
| 260 |
|
|
|a Bratislava
|b Vydavateľstvo STU
|c 2016
|
| 300 |
|
|
|a 44 s.
|b fotogr., grafy, ilustr., mp., tab.
|c 21 cm
|
| 366 |
|
|
|e 50 výt.
|
| 490 |
1 |
|
|a Edícia kvalifikačných prác
|
| 502 |
|
|
|a Dizertačná práca (Doktor; PhD.) -- Slovenská technická univerzita, Bratislava, 2016
|
| 504 |
|
|
|a Bibliogr.: s. 41-43
|
| 546 |
|
|
|a Res. angl.
|
| 650 |
0 |
7 |
|a elektrické vozidlá
|2 SNKPH
|9 179609
|
| 650 |
0 |
7 |
|a Electric railcars
|2 SNKPHeng
|9 293514
|
| 650 |
0 |
7 |
|a neurónové siete (počítačová veda)
|2 SNKPH
|9 97581
|
| 650 |
0 |
7 |
|a Neural networks (computer science)
|2 SNKPHeng
|9 97649
|
| 650 |
0 |
7 |
|a zbernice
|2 SNKPH
|9 49751
|
| 650 |
0 |
7 |
|a Bus conductors
|2 SNKPHeng
|9 338391
|
| 655 |
|
7 |
|a autoreferáty
|2 SNKPH
|9 70546
|
| 655 |
|
7 |
|a Autoabstracts
|2 SNKPHeng
|9 238326
|
| 655 |
|
7 |
|a dizertácie
|2 SNKPH
|9 70277
|
| 655 |
|
7 |
|a Dissertations
|2 SNKPHeng
|9 303036
|
| 700 |
1 |
|
|a Magdolen, Ľuboš
|4 ths
|9 492581
|
| 810 |
2 |
|
|a Slovenská technická univerzita v Bratislave.
|b Strojnícka fakulta
|t Edícia kvalifikačných prác
|9 184599
|
| 919 |
|
|
|a 978-80-227-4633-5
|
| 958 |
|
|
|a TL
|
| 958 |
|
|
|a NB
|
| 999 |
|
|
|c 762802
|d 764732
|
| 952 |
|
|
|a SNK
|b SNK
|y PREZ
|7 0
|p 17A1251372
|o snkSC 172564
|i snk2017/1307
|8 0
|0 0
|1 0
|4 0
|d 2017-01-17
|f 1
|l 0
|r 2025-09-10 00:00:00
|w 2026-02-24
|
| 952 |
|
|
|a SNK
|b SNK
|y VYP
|7 0
|p 17A1251373
|o snkSC 172564 D1
|i snk2017/1308
|8 0
|0 0
|1 0
|4 0
|d 2017-01-17
|l 0
|r 2026-02-24 00:09:44
|w 2026-02-24
|